000 00267nam a2200109Ia 4500
008 231212s1994 xx 000 0 und d
041 _aeng
082 _a621.382
100 _aRajaraman V.
245 _aComputer Programming In Pascal
260 _aIndia
_bPrentic
_c1994
999 _c964728
_d964728